Central Library OPAC University of Rajshahi

Socioeconomic development initiatives and women’s welfare in rural Bangladesh / (Record no. 80379)

MARC details
000 -LEADER
fixed length control field 00682nam a2200217 a 4500
001 - CONTROL NUMBER
control field 80379
003 - CONTROL NUMBER IDENTIFIER
rucl marc code BD-RjUL
005 - DATE AND TIME OF LATEST TRANSACTION
control field 20220918111459.0
008 - FIXED-LENGTH DATA ELEMENTS--GENERAL INFORMATION
fixed length control field 220918s2018 sw ||||| |||| 00| 0 eng d
020 ## - INTERNATIONAL STANDARD BOOK NUMBER
International Standard Book Number 9789178310463
035 ## - SYSTEM CONTROL NUMBER
System control number (BD-RjUL)
040 ## - CATALOGING SOURCE
Original cataloging agency BD-RjUL
Language of cataloging eng
Transcribing agency BD-RjUL
041 ## - LANGUAGE CODE
Language code of text/sound track or separate title eng
082 ## - DEWEY DECIMAL CLASSIFICATION NUMBER
Edition number 23
Classification number 307.72095492
Author mark and year KAS 2018
100 ## - MAIN ENTRY--PERSONAL NAME
Personal name Karim, Rabiul
9 (RLIN) 4861
245 ## - TITLE STATEMENT
Title Socioeconomic development initiatives and women’s welfare in rural Bangladesh /
Statement of responsibility, etc. Rabiul Karim
260 ## - PUBLICATION, DISTRIBUTION, ETC. (IMPRINT)
Place of publication, distribution, etc. Stockholm :
Name of publisher, distributor, etc. Karolinska Institute,
Date of publication, distribution, etc. 2018
300 ## - PHYSICAL DESCRIPTION
Pagination various pages;
Illustrations ill.;
Size 26 cm.
650 ## - SUBJECT ADDED ENTRY--TOPICAL TERM
Topical term or geographic name as entry element Rural development
General subdivision Sociological aspects
Geographic subdivision Bangladesh
9 (RLIN) 4862
942 ## - ADDED ENTRY ELEMENTS (KOHA)
Source of classification or shelving scheme Dewey Decimal Classification
Koha item type Books
Holdings
Lost status Source of classification or shelving scheme Damaged status Not for loan Collection code Permanent Location Current Location Shelving location Date acquired Source of acquisition Total Checkouts Full call number Date last seen Copy number Koha item type
  Dewey Decimal Classification   Not For Loan Non-fiction Central Library, University of Rajshahi Central Library, University of Rajshahi Reading Room 17/08/2022 Author   307.72095492 KAS 2018 18/09/2022 C-1 Books